Africa's big five and other wildlife filmmakers :a centenary of wildlife filming in Kenya / (Record no. 1965)
| 000 -LEADER | |
|---|---|
| fixed length control field | 01208cam a22003257a 4500 |
| 001 - CONTROL NUMBER | |
| control field | 16672516 |
| 003 - CONTROL NUMBER IDENTIFIER | |
| control field | OSt |
| 005 - DATE AND TIME OF LATEST TRANSACTION | |
| control field | 20150901092803.0 |
| 008 - FIXED-LENGTH DATA ELEMENTS--GENERAL INFORMATION | |
| fixed length control field | 110302s2010 ke a bq 001 0ceng d |
| 010 ## - LIBRARY OF CONGRESS CONTROL NUMBER | |
| LC control number | 2011342356 |
| 020 ## - INTERNATIONAL STANDARD BOOK NUMBER | |
| International Standard Book Number | 9789966724496 |
| 020 ## - INTERNATIONAL STANDARD BOOK NUMBER | |
| International Standard Book Number | 9966724494 |
| 035 ## - SYSTEM CONTROL NUMBER | |
| System control number | (OCoLC)ocn691074617 |
| 040 ## - CATALOGING SOURCE | |
| Original cataloging agency | YDXCP |
| Transcribing agency | YDXCP |
| Modifying agency | NUI |
| -- | DLC |
| 042 ## - AUTHENTICATION CODE | |
| Authentication code | lccopycat |
| -- | lcode |
| 043 ## - GEOGRAPHIC AREA CODE | |
| Geographic area code | f------ |
| 050 00 - LIBRARY OF CONGRESS CALL NUMBER | |
| Classification number | TR893.5.H37 2010 |
| 100 1# - MAIN ENTRY--PERSONAL NAME | |
| Personal name | Hartley, Jean. |
| 245 10 - TITLE STATEMENT | |
| Title | Africa's big five and other wildlife filmmakers :a centenary of wildlife filming in Kenya / |
| Statement of responsibility, etc | Jean Hartley ; foreword by Richard Leakey. |
| 260 ## - PUBLICATION, DISTRIBUTION, ETC. (IMPRINT) | |
| Place of publication, distribution, etc | Nairobi, Kenya : |
| Name of publisher, distributor, etc | Twaweza Communications, |
| Date of publication, distribution, etc | 2010. |
| 300 ## - PHYSICAL DESCRIPTION | |
| Extent | x, 163 p. : |
| Other physical details | ill. ; |
| Dimensions | 24 cm. |
| 504 ## - BIBLIOGRAPHY, ETC. NOTE | |
| Bibliography, etc | Includes bibliographical references (p. 111-117), chronology of films (p. 119-159) and index. |
| 650 #0 - SUBJECT ADDED ENTRY--TOPICAL TERM | |
| Topical term or geographic name as entry element | Wildlife cinematographers |
| Geographic subdivision | Africa |
| Form subdivision | Biography. |
| 650 #0 - SUBJECT ADDED ENTRY--TOPICAL TERM | |
| Topical term or geographic name as entry element | Wildlife cinematography |
| Geographic subdivision | Africa |
| General subdivision | History. |
| 650 #0 - SUBJECT ADDED ENTRY--TOPICAL TERM | |
| Topical term or geographic name as entry element | Animal films |
| Geographic subdivision | Africa |
| General subdivision | History. |
| 700 1# - ADDED ENTRY--PERSONAL NAME | |
| Personal name | Leakey, Richard E. |
| 906 ## - LOCAL DATA ELEMENT F, LDF (RLIN) | |
| a | 7 |
| b | cbc |
| c | copycat |
| d | 3 |
| e | ncip |
| f | 20 |
| g | y-gencatlg |
| 942 ## - ADDED ENTRY ELEMENTS (KOHA) | |
| Source of classification or shelving scheme | |
| Koha item type | Book |
| Withdrawn status | Lost status | Source of classification or shelving scheme | Damaged status | Not for loan | Home library | Current library | Shelving location | Date acquired | Total Checkouts | Full call number | Barcode | Date last seen | Copy number | Price effective from | Koha item type |
|---|---|---|---|---|---|---|---|---|---|---|---|---|---|---|---|
| Riara University Library | Riara University Library | General stack | 01/09/2015 | TR893.5.H37 2010 | 6591/15 | 01/09/2015 | C.1 | 01/09/2015 | Book | ||||||
| Riara University Library | Riara University Library | General stack | 01/09/2015 | TR893.5.H37 2010 | 6592/15 | 01/09/2015 | C.2 | 01/09/2015 | Book | ||||||
| Riara University Library | Riara University Library | General stack | 01/09/2015 | TR893.5.H37 2010 | 6593/15 | 01/09/2015 | C.3 | 01/09/2015 | Book |
